书目信息 |
| 题名: |
牛肉产地溯源技术研究
|
|
| 作者: | 郭玻莉 , 魏益民 , 潘家荣 著 | |
| 分册: | ||
| 出版信息: | 北京 科学出版社 2009.01 |
|
| 页数: | 102页 | |
| 开本: | 24cm | |
| 丛书名: | 食品质量与安全 | |
| 单 册: | ||
| 中图分类: | TS251.5 | |
| 科图分类: | ||
| 主题词: | 牛肉--质量管理--研究--中国 , 牛肉--食品卫生--研究--中国 | |
| 电子资源: | ||
| ISBN: | 978-7-03-022402-6 | |
| 000 | 01220nam 2200289 450 | |
| 001 | K8350502 | |
| 005 | 20101124174555.76 | |
| 010 | @a978-7-03-022402-6@dCNY38.00 | |
| 100 | @a20101129d2009 ekmy0chiy0121 ea | |
| 101 | @achi | |
| 102 | @aCN@b110000 | |
| 105 | @aa a 000yy | |
| 200 | 1 | @a牛肉产地溯源技术研究@Aniu rou chan di su yuan ji shu yan jiu@f郭玻莉, 魏益民, 潘家荣著 |
| 210 | @a北京@c科学出版社@d2009.01 | |
| 215 | @a102页@c图@d24cm | |
| 225 | 2 | @a食品质量与安全 |
| 320 | @a有书目 (第94-102页) | |
| 330 | @a本书主要介绍了利用同位素与矿物元素指纹技术对我国四大肉牛产区牛肉产地溯源研究的重要结果。全书共分为八章:第一章综述了食品可追溯体系建立的背景、应用进展以及食品溯源相关技术的研究进展,重点介绍了同位素与矿物元素分析技术在食品溯源最新研究进展;第二章至第七章为同位素与矿物元素指纹分析判别技术对牛肉产地溯源的分析结果、讨论及相关结论;第八章为本书的结论与讨论,并提出了进一步研究设想。 | |
| 410 | 0 | @12001 @a食品质量与安全 |
| 606 | 0 | @a牛肉@x质量管理@x研究@y中国 |
| 606 | 0 | @a牛肉@x食品卫生@x研究@y中国 |
| 690 | @aTS251.5@v4 | |
| 701 | 0 | @a郭玻莉@Aguo bo li@4著 |
| 701 | 0 | @a魏益民@Awei yi min@4著 |
| 701 | 0 | @a潘家荣@Apan jia rong@4著 |
| 801 | 0 | @aCN@c20101129 |
| 905 | @dTS251.5@eG780 | |
| 牛肉产地溯源技术研究/郭玻莉, 魏益民, 潘家荣著.-北京:科学出版社,2009.01 |
| 102页:图;24cm.-(食品质量与安全) |
| ISBN 978-7-03-022402-6:CNY38.00 |
| 本书主要介绍了利用同位素与矿物元素指纹技术对我国四大肉牛产区牛肉产地溯源研究的重要结果。全书共分为八章:第一章综述了食品可追溯体系建立的背景、应用进展以及食品溯源相关技术的研究进展,重点介绍了同位素与矿物元素分析技术在食品溯源最新研究进展;第二章至第七章为同位素与矿物元素指纹分析判别技术对牛肉产地溯源的分析结果、讨论及相关结论;第八章为本书的结论与讨论,并提出了进一步研究设想。 |
| ● |
| 相关链接 |
|
|
|
正题名:牛肉产地溯源技术研究
索取号:TS251.5/G780
 
预约/预借
| 序号 | 登录号 | 条形码 | 馆藏地/架位号 | 状态 | 备注 |
| 1 | 1035671 | 210356719 | 期刊室512/501自科库 42排1列2层/ [索取号:TS251.5/G780] | 在馆 | |
| 2 | 1035672 | 210356728 | 自科库501/501自科库 42排1列2层/ [索取号:TS251.5/G780] | 在馆 | |
| 3 | 1035673 | 210356737 | 自科库501/501自科库 42排1列2层/ [索取号:TS251.5/G780] | 在馆 | |
| 4 | 1035674 | 210356746 | 期刊室512/501自科库 42排1列2层/ [索取号:TS251.5/G780] | 在馆 | |
| 5 | 1035675 | 210356755 | 期刊室512/501自科库 42排1列2层/ [索取号:TS251.5/G780] | 在馆 |